| 000 | 01026nam a2200229Ii 4500 | ||
|---|---|---|---|
| 003 | JO-AjNU | ||
| 008 | 230605s9999||||xx |||||||||||||| ||und|| | ||
| 017 | _a2005/1/124 | ||
| 020 | _a978-9957-06-253-8 | ||
| 040 |
_aJO-AjNU _bara _erda _cJO-AjNU |
||
| 041 | _aara | ||
| 050 | 1 | 4 | _aLC4704.S82 2015 |
| 100 | 3 |
_aالبطاينة، اسامه محمد واخرون، م. مشارك مالك احمد الرشدان، م.مشارك عبيد عبد الكريم السبايلة، م.مشارك عبد المجيد محمد الخطاطبة , _eauthor _960582 |
|
| 245 | 0 | 0 | _aصعوبات التعلم: النظرية والممارسة |
| 250 | _aط7 | ||
| 264 | 3 | 1 | _aعمان: دار المسيرة للنشر والتوزيع والطباعة، 2015 |
| 300 |
_a301ص _bيحتوي على مراجع من ص287-301ص |
||
| 336 |
_atext _btxt _2rdacontent |
||
| 337 |
_aunmediated _bn _2rdamedia |
||
| 338 |
_avolume _bnc _2rdacarrier |
||
| 650 | 4 |
_aصعوبات التعلم-التعليم- التعليم الخاص _960583 |
|
| 999 |
_aA27327 _c30895 _d30895 |
||